Library of the University of Algiers 3
Ibrahim Sultan Cheibout
شعار جامعة الجزائر 3
مكتبة جامعة الجزائر 3
إبراهيم سلطان شيبوط

مدخل علم الاجتماع (رقم التسجيلة. 13059)

تفاصيل مارك
000 -LEADER
fixed length control field 00519nam a2200181Ia 4500
003 - CONTROL NUMBER IDENTIFIER
control field IEPS
005 - DATE AND TIME OF LATEST TRANSACTION
control field 20250703135311.0
008 - FIXED-LENGTH DATA ELEMENTS--GENERAL INFORMATION
fixed length control field 250223s9999||||xx |||||||||||||| ||und||
040 ## - CATALOGING SOURCE
-- IEPS
041 ## - LANGUAGE CODE
Language code of text/sound track or separate title ara
082 ## - DEWEY DECIMAL CLASSIFICATION NUMBER
Classification number 301
100 ## - MAIN ENTRY--PERSONAL NAME
Personal name عبد الرحمان عبد الله محمد
245 #0 - TITLE STATEMENT
Title مدخل علم الاجتماع
260 ## - PUBLICATION, DISTRIBUTION, ETC.
Place of publication, distribution, etc. الاسكندرية
Name of publisher, distributor, etc. دار المعرفة الجامعة
Date of publication, distribution, etc. 2008
300 ## - PHYSICAL DESCRIPTION
Extent 296 ص.
Other physical details جداول
Dimensions 24 سم.
653 ## - INDEX TERM--UNCONTROLLED
Uncontrolled term علم الاجتماع
942 ## - ADDED ENTRY ELEMENTS (KOHA)
Koha item type كتب
المقتنيات
Withdrawn status Lost status Source of classification or shelving scheme Damaged status Not for loan Home library Current library Date acquired Inventory number Total checkouts Full call number Barcode Date last seen Copy number Price effective from Koha item type
    Dewey Decimal Classification   NOT LOAN / إعارة داخلية مكتبة معهد التربية البدنية و الرياضية مكتبة معهد التربية البدنية و الرياضية 23/02/2025 invar7542   301 ع ا م / 1 invar7542 23/02/2025 ل ع 2446 / 1 23/02/2025 كتب
    Dewey Decimal Classification   Available مكتبة معهد التربية البدنية و الرياضية مكتبة معهد التربية البدنية و الرياضية 23/02/2025 invar7543   301 ع ا م / 2 invar7543 23/02/2025 ل ع 2446 / 2 23/02/2025 كتب
    Dewey Decimal Classification   Available مكتبة معهد التربية البدنية و الرياضية مكتبة معهد التربية البدنية و الرياضية 23/02/2025 invar7544   301 ع ا م / 3 invar7544 23/02/2025 ل ع 2446 / 3 23/02/2025 كتب

موارد الويب المفتوحة


© University of Algiers 3 All Rights Reserved
|
Implemented by LECHELAH Riad